| 000 | 01694nam a2200409Ii 4500 | ||
|---|---|---|---|
| 001 | DIGARCOL0035 | ||
| 003 | NyNyDIG | ||
| 006 | m o d | ||
| 007 | cr ||||||||||| | ||
| 008 | 241001s2013 sp ob 001 0 spa d | ||
| 035 | _a(OCoLC)1458531620 | ||
| 040 |
_aDGITA _beng _erda _epn _cDGITA |
||
| 020 | _z9788476352922 | ||
| 050 | 1 | 4 | _aP40.8 ebook |
| 100 | 1 |
_aJuanatey, Luisa, _eauthor. |
|
| 245 | 1 | 0 |
_aAproximación a los textos narrativos en el aula. _nII, _pPráctica del comentario y aprendizaje lingüístico / _cLuisa Juanatey. |
| 246 | 3 | 0 | _aPráctica del comentario y aprendizaje lingüístico |
| 264 | 1 |
_aMadrid : _bArco/Libros, S. L., _c[2013] |
|
| 300 | _a1 online resource. | ||
| 336 |
_atext _btxt _2rdacontent |
||
| 337 |
_acomputer _bc _2rdamedia |
||
| 338 |
_aonline resource _bcr _2rdacarrier |
||
| 347 |
_atext file _2rdaft |
||
| 347 | _bPDF | ||
| 490 | 1 |
_aCuadernos de lengua española ; _v52 |
|
| 504 | _aIncludes bibliographical references and index. | ||
| 588 | 0 | _aOnline resource; title from PDF title page (Digitalia, viewed October 1, 2024) | |
| 650 | 0 | _aLanguage and education. | |
| 650 | 0 | _aDiscourse analysis, Narrative. | |
| 791 | 2 |
_aDigitalia (Firm), _edistributor. |
|
| 793 | 0 |
_gDigitalia eBook Collection: _aArco/Libros |
|
| 776 | 0 | 8 |
_iPrint version: _aJuanatey, Luisa. _tAproximación a los textos narrativos en el aula. II, Práctica del comentario y aprendizaje lingüístico. _b2a edición. _dMadrid : Arco/Libros, S. L., [2013] _z9788476352922 |
| 830 | 0 |
_aCuadernos de lengua española ; _v52. |
|
| 856 | 4 | 0 |
_3Digitalia Hispánica _uhttps://www.digitaliapublishing.com/a/137839/ |
| 910 | _aPremium collection: 2024 | ||
| 942 | _cRAA | ||
| 999 |
_c284788 _d284788 |
||